| 000 | 00827cam a2200289 a 4500 | ||
|---|---|---|---|
| 999 |
_c7443 _d7443 |
||
| 001 | 7443 | ||
| 003 | BD-JhCC | ||
| 005 | 20180210120704.0 | ||
| 008 | 860520r19771971enk | |||| ||eng|| | ||
| 020 | _a0195800818 | ||
| 035 | _a(BD-JhCC)7443 | ||
| 035 | _a587728 | ||
| 040 |
_aBD-JhCC _dBD-JhCC |
||
| 041 | _aeng | ||
| 082 | _bSTO 1971 | ||
| 100 | 1 |
_aStorer, Ronald D. K. _q(Ronald Derek Kirkly), _d1923- |
|
| 245 | 1 | 0 |
_aKing Arthur and his knights / _cretold by Ronald D.K. Storer ; illustrated by William Stobbs. |
| 250 | _aColour ed. | ||
| 260 |
_aKuala Lumpur ; _aOxford : _bOxford University Press, _c1977. |
||
| 300 |
_a79p ; _c18cm. |
||
| 490 | 0 | _aOxford English picture readers. | |
| 490 | 1 | _aOxford in Asia | |
| 700 | 1 | _aStobbs, William. | |
| 830 | 0 | _aOxford in Asia. | |
| 942 |
_2ddc _cBK |
||